[Event "Peiraeus Summer"]
[Site "Piraeus"]
[Date "2013.08.17"]
[Round "4.1"]
[White "Tromp, John Alexander"]
[Black "Panagopoulos, Georgios"]
[Result "0-1"]
[WhiteElo "1507"]
[BlackElo "1678"]
[PlyCount "65"]
[EventDate "2013.08.14"]
[EventType "tourn"]
[EventRounds "9"]
[EventCountry "GRE"]
[SourceTitle "EXT 2024"]
[Source "ChessBase"]
[SourceDate "2023.10.10"]
[SourceVersion "1"]
[SourceVersionDate "2023.10.10"]
[SourceQuality "1"]

1. e4 c6 2. d4 d5 3. exd5 cxd5 4. Nf3 Nf6 5. Bf4 Bg4 6. Bb5+ Nbd7 7. h3 Bh5 8. g4 Bg6 9. Be2 e6 10. Nc3 Bb4 11. Qd2 Bxc3 12. Qxc3 Rc8 13. Qa3 Bxc2 14. Qxa7 Nb6 15. Qxb7 Nc4 16. Bxc4 dxc4 17. Rc1 Be4 18. Qb5+ Kf8 19. Ng5 Bxh1 20. Qb4+ Ke8 21. Ke2 Bd5 22. Qa4+ Kf8 23. Qa7 Bf3+ 24. Kf1 Nd7 25. Bd6+ Kg8 26. b3 cxb3 27. Rxc8 Qxc8 28. Nxf3 Nf8 29. Ng5 Qc4+ 30. Kg2 Qd5+ 31. Kh2 Qxd6+ 32. Kg1 Qb4 33. Qxf7# 0-1

[Event "Peiraeus Summer"]
[Site "Piraeus"]
[Date "2013.08.14"]
[Round "1.4"]
[White "Mantzouneas, Stavros"]
[Black "Panagopoulos, Georgios"]
[Result "1-0"]
[WhiteElo "1690"]
[BlackElo "1678"]
[PlyCount "71"]
[EventDate "2013.08.14"]
[EventType "tourn"]
[EventRounds "9"]
[EventCountry "GRE"]
[SourceTitle "EXT 2024"]
[Source "ChessBase"]
[SourceDate "2023.10.10"]
[SourceVersion "1"]
[SourceVersionDate "2023.10.10"]
[SourceQuality "1"]

1. e4 d6 2. d4 f5 3. Nc3 Nf6 4. exf5 Bxf5 5. Bb5+ c6 6. Bd3 Bxd3 7. Qxd3 d5 8. Nf3 Qd7 9. 0-0 Na6 10. Ne5 Qe6 11. Re1 0-0-0 12. Bf4 Rg8 13. Nf3 Qd7 14. Ng5 g6 15. Ne6 Re8 16. Bg3 Nh5 17. Na4 Nxg3 18. Qxg3 Bg7 19. Rad1 b6 20. Qa3 Qb7 21. Qh3 Qd7 22. c4 Nc7 23. cxd5 Nxd5 24. Qxh7 Bf6 25. Nc3 Kb8 26. Qf7 Nxc3 27. bxc3 Qd5 28. Qh7 Qf5 29. Qh3 Qxh3 30. gxh3 Rh8 31. Kg2 Bh4 32. Nf4 Ref8 33. Nxg6 Rxf2+ 34. Kg1 Rxa2 35. Nxh8 Bxe1 36. Rxe1 1-0